| 000 | 01069cam a22002054a 4500 | ||
|---|---|---|---|
| 005 | 20250605164126.0 | ||
| 008 | 250528s ||||||||||||||||||||||||d | ||
| 035 | _a18475 | ||
| 020 | _a395423805 | ||
| 040 |
_aGR-AtMCL _bgre _dGR-AtMCL _eAACR2 |
||
| 245 | 1 | _aAdvanced Mathematics / A Precalculus Course: Teacher's Manual with Solutions | |
| 260 |
_bHoughton Mifflin Company, _c1987 |
||
| 300 | _a498 | ||
| 520 | _aTeacher's Manual, Coordinate Geometry, Polynomials, Inequalities, Functions, Exponents and Logarithms, Trigonometric Functions, Triangle Trigonometry, Advanced Graphing, Trigonometric Addition Formulas, Polar Coordinates and Complex Numbers, Conic Sections, Vectors and Determinants, Sequences and Series, Statistics, Probability, Introduction to Calvulus, The Field Axioms for the Real Number System, Descartes' Rule of Signs and Bounds for Real Roots, More Operations and Properties of Functions, The Wrapping Function. | ||
| 700 | 1 |
_aBrown Corinne Ina _93146 |
|
| 700 | 1 |
_aRobinson Chris _93472 |
|
| 942 | _cBK | ||
| 999 |
_c3836 _d3836 |
||